Acting Oscar Quartets: 2010s Edition - Statistics

General Stats
  • This quiz has been taken 15 times
  • The average score is 28 of 38
Answer Stats
Hint Answer % Correct
The King's Speech Colin Firth
100%
La La Land Emma Stone
100%
The Revenant Leonardo DiCaprio
100%
Black Swan Natalie Portman
100%
Inglourious Basterds Christoph Waltz
93%
Lincoln Daniel Day-Lewis
93%
Silver Linings Playbook Jennifer Lawrence
93%
Whiplash J.K. Simmons
93%
Dallas Buyers Club Matthew McConaughey
93%
The Iron Lady Meryl Streep
93%
Bohemian Rhapsody Rami Malek
93%
Room Brie Larson
86%
Manchester by the Sea Casey Affleck
86%
The Theory of Everything Eddie Redmayne
86%
Three Billboards Outside Ebbing, Missouri Frances McDormand
86%
Darkest Hour Gary Oldman
86%
Dallas Buyers Club Jared Leto
86%
The Blind Side Sandra Bullock
86%
The Fighter Christian Bale
71%
Crazy Heart Jeff Bridges
71%
Still Alice Julianne Moore
71%
Moonlight Mahershala Ali
71%
Three Billboards Outside Ebbing, Missouri Sam Rockwell
71%
Fences Viola Davis
71%
Les Misérables Anne Hathaway
64%
12 Years a Slave Lupita Nyong'o
64%
The Help Octavia Spencer
64%
The Favourite Olivia Colman
64%
The Danish Girl Alicia Vikander
57%
Blue Jasmine Cate Blanchett
57%
The Artist Jean Dujardin
57%
Boyhood Patricia Arquette
57%
If Beale Street Could Talk Regina King
57%
Bridge of Spies Mark Rylance
50%
The Fighter Melissa Leo
50%
I, Tonya Allison Janney
43%
Precious Mo'Nique
43%
Beginners Christopher Plummer
36%
No matching quizzes found
Score Distribution
Percent of People with Each Score
Percentile by Number Answered
Your Score History
You have not taken this quiz